| 000 -ლიდერი |
| ფიქსირებული სიგრძის საკონტროლო ველი |
01013nam a2200205Ia 4500 |
| 001 - საკონტროლო ნომერი |
| საკონტროლო ველი |
6087 |
| 003 - საკონტროლო ნომრის იდენტიფიკატორი |
| საკონტროლო ველი |
GE_BSU |
| 005 - ბოლო ოპერაციის თარიღი და დრო |
| საკონტროლო ველი |
20190924164642.0 |
| 008 - ფიქსირებული სიგრძის მონაცემთა ელემენტები - ზოგადი ინფორმაცია |
| ფიქსირებული სიგრძის საკონტროლო ველი |
181216s1936||||ge |||||||||||||| ||geo|| |
| 040 ## - კატალოგიზაციის წყარო |
| Transcribing agency |
GE_BSU |
| 041 ## - ენის კოდი |
| Language code of text/sound track or separate title |
geo |
| 080 ## - უნივერსალური ათობითი კლასიფიკაციის ინდექსი |
| Universal Decimal Classification number |
821.353.1-1 ა-85 |
| 100 ## - მთავარი ჩანაწერი - პიროვნების სახელი |
| Personal name |
არჩილი (ბაგრატიონი) |
| 9 (RLIN) |
4291 |
| 245 ## - ცნობა სათაურის შესახებ |
| Title |
თხზულებათა სრული კრებული : |
| Remainder of title |
ტომი პირველი არჩილიანი / |
| Statement of responsibility, etc |
პ/მგ. რედ. გიორგი მიროტაძე, ალ. ბარამიძისა და ნ. ბერძენიშვილის რედ-ით. |
| 264 ## - წარმოების, გამოცემის, დისტრიბუციის და სხვა ცნობები |
| გამოცემის, წარმოების, დისტრიბუციის... ადგილი |
ტფილისი : |
| გამოცემის, წარმოების, დისტრიბუციის... სახელწოდება |
საქართველოს მუზეუმი ; |
| გამოცემის, წარმოების, დისტრიბუციის... თარიღი |
1936. |
| 300 ## - ფიზიკური აღწერა |
| Extent |
303 გვ. ; |
| Dimensions |
24 სმ. |
| 653 ## - INDEX TERM--UNCONTROLLED |
| Uncontrolled term |
თხზულებათა სრული კრებული |
| 700 ## - ADDED ENTRY--PERSONAL NAME |
| Personal name |
მიროტაძე, გიორგი |
| Relator term |
რედაქტორი |
| 9 (RLIN) |
4292 |
| 942 ## - ADDED ENTRY ELEMENTS (KOHA) |
| Koha item type |
წიგნი |
| Source of classification or shelving scheme |
|